000 00399nam a2200133 i 4500
001 bg
100 1 _aOKRASA, Włodzimierz
245 0 _aEfektywność zespołów badawczych :
_bwyznaczniki poziomu osiągnięć i charakteru aktywności badawczej /
_cWłodzimierz Okrasa.
260 _aWarszawa,
_c1984.
040 _cBPK
041 _apol
942 _cKS
008 s pl f |000 0 pol
999 _c28416
_d28416
856 _uhttp://koha.tu.koszalin.pl/cgi-bin/koha/opac-detail.pl?biblionumber=28416
_yKatalog online BPK